| 000 | 00571nam a22001817a 4500 | ||
|---|---|---|---|
| 008 | 220413b |||||||| |||| 00| 0 eng d | ||
| 041 | _aNep. | ||
| 082 | _aCD19684 | ||
| 100 | _aKumari, Manisha | ||
| 245 | _aKakshya shikshyanma navapravartanko prayog ra prabhab | ||
| 260 |
_aChitwan: _c2075 BS |
||
| 502 | _aDissertation (Degree in Education planning and management), Saptagandaki Multiple Campus | ||
| 650 | _a Education | ||
| 650 | _aTeaching materials | ||
| 650 | _aTeaching techniques | ||
| 653 | _aEducation planning and management | ||
| 942 |
_2ddc _cVM |
||
| 999 |
_c104298 _d104286 |
||